00564nam a2200193Ia 450000500170000000800410001702000150005808200130007310000210008624500540010726000450016130000120020665000100021865000120022865000140024094200060025495200950026099900150035520240826012318.0240331s9999 xx 000 0 und d a9551266242 bTHIa800 aThiruchandran, S 0aStories from the diaspora :bTamil women, writing aColombobVijitha Yapa Publicationsc2006 a96 p ., aWoman aSocial  aPolitical cL 001040708LaWERCLbWERCLcSSCd2024-03-31l0o 800 THIp5597r2024-03-31w2024-03-31yL c3107d3107